000 00745nam a22001937a 4500
005 20251108172911.0
008 250721s1998 xx 000 0 ara d
082 1 4 _aم/922.1/ لكن
100 1 _aاللكنوي، أبو الحسنات محمد عبد الحي بن محمد
245 1 0 _aالفوائد البهية في تراجم الحنفية و عليه التعليقات السنية على الفوائد البهية /
246 1 1 _aطرب الأماثل بتراجم الأفاضل
264 1 _aبيروت :
_bدار الأرقم بن أبي الأرقم،
_c1998.
300 _a632ص
650 1 7 _aالتراجم
650 1 7 _aالفقهاء
650 1 7 _aالمذهب الحنفي
942 _2ddc
_cREF
999 _c91328
_d91328